[Event "Znojmo op1"]
[Site "Znojmo"]
[Date "2007.??.??"]
[Round "9"]
[White "Antos, Jakub"]
[Black "Kulovany, Radomir"]
[Result "1-0"]
[WhiteElo "1750"]
[BlackElo "1775"]
[PlyCount "105"]
[EventDate "2007.01.??"]
[EventType "swiss"]
[EventRounds "9"]
[EventCountry "CZE"]
[SourceTitle "EXT 2010"]
[Source "ChessBase"]
[SourceDate "2010.11.25"]
[SourceVersion "1"]
[SourceVersionDate "2010.11.25"]
[SourceQuality "1"]

1. e4 d5 2. exd5 Nf6 3. Bb5+ Bd7 4. Bc4 c6 5. dxc6 Nxc6 6. Nf3 Bg4 7. c3 e5 8. d3 Bc5 9. Be3 Qb6 10. Bxc5 Qxc5 11. Nbd2 0-0 12. 0-0 Rad8 13. b4 Qb6 14. Qb3 Qc7 15. Rfe1 a6 16. a4 Rd7 17. Ng5 h6 18. Nge4 Rfd8 19. Nxf6+ gxf6 20. Ne4 Kg7 21. h3 Bf5 22. Qd1 Ne7 23. Qf3 Bxe4 24. Rxe4 Ng6 25. Rg4 h5 26. Rg3 e4 27. Qxe4 Qe5 28. Qxe5 fxe5 29. Re1 f6 30. Kf1 Kh6 31. Rf3 Rd6 32. g3 h4 33. Re4 hxg3 34. fxg3 f5 35. Rxf5 Rxd3 36. Bxd3 Rxd3 37. Kf2 Rxc3 38. Rf7 b5 39. axb5 axb5 40. Rb7 Rc2+ 41. Re2 Rc6 42. Rxb5 Re6 43. Re4 Kg5 44. Rc5 Kf5 45. Ke3 Ra6 46. Rec4 Ne7 47. g4+ Kg5 48. Rxe5+ Kf6 49. Ke4 Ra3 50. g5+ Kf7 51. Rc7 Rxh3 52. Rexe7+ Kf8 53. Rh7 1-0

[Event "Znojmo op1"]
[Site "Znojmo"]
[Date "2007.??.??"]
[Round "7"]
[White "Antos, Jakub"]
[Black "Ruzicka, Frantisek"]
[Result "1-0"]
[WhiteElo "1750"]
[BlackElo "1675"]
[PlyCount "25"]
[EventDate "2007.01.??"]
[EventType "swiss"]
[EventRounds "9"]
[EventCountry "CZE"]
[SourceTitle "EXT 2010"]
[Source "ChessBase"]
[SourceDate "2010.11.25"]
[SourceVersion "1"]
[SourceVersionDate "2010.11.25"]
[SourceQuality "1"]

1. e4 g6 2. d4 Bg7 3. Nc3 d6 4. f4 e6 5. Nf3 Nd7 6. Be2 b6 7. 0-0 Bb7 8. f5 Ne7 9. fxe6 fxe6 10. Ng5 Nf8 11. Nf7 Qd7 12. Nxh8 Bxh8 13. Bh6 1-0

[Event "Znojmo op1"]
[Site "Znojmo"]
[Date "2007.??.??"]
[Round "4"]
[White "Antos, Jakub"]
[Black "Svihel, Karel"]
[Result "0-1"]
[WhiteElo "1750"]
[BlackElo "2135"]
[PlyCount "60"]
[EventDate "2007.01.??"]
[EventType "swiss"]
[EventRounds "9"]
[EventCountry "CZE"]
[SourceTitle "EXT 2010"]
[Source "ChessBase"]
[SourceDate "2010.11.25"]
[SourceVersion "1"]
[SourceVersionDate "2010.11.25"]
[SourceQuality "1"]

1. e4 c5 2. Nf3 d6 3. d4 cxd4 4. Nxd4 Nf6 5. Nc3 a6 6. Be2 e5 7. Nb3 b5 8. Be3 Bb7 9. f3 b4 10. Na4 Nbd7 11. Qd2 Bc6 12. Qxb4 d5 13. Bc5 Bxc5 14. Naxc5 dxe4 15. Nb7 Bxb7 16. Qxb7 0-0 17. 0-0-0 Rb8 18. Qxa6 Qc7 19. Qd6 Qa7 20. Kb1 Qf2 21. Bc4 exf3 22. gxf3 Qxf3 23. Rdf1 Qg4 24. Nd2 Rb6 25. Qe7 Qd4 26. Kc1 Qxb2+ 27. Kd1 Qd4 28. Bd3 Re8 29. Qa3 e4 30. Rf4 Qa1+ 0-1

[Event "Znojmo Rotunda op"]
[Site "Znojmo"]
[Date "2002.??.??"]
[Round "5"]
[White "Rulfova, Zuzana"]
[Black "Antos, Jakub"]
[Result "0-1"]
[WhiteElo "1405"]
[BlackElo "1675"]
[PlyCount "60"]
[EventDate "2002.??.??"]
[EventType "swiss"]
[EventRounds "9"]
[EventCountry "CZE"]
[SourceTitle "EXT 2003"]
[Source "ChessBase"]
[SourceDate "2002.11.25"]
[SourceVersion "1"]
[SourceVersionDate "2002.11.25"]
[SourceQuality "1"]

1. e4 e5 2. Nf3 Nc6 3. Bc4 Nf6 4. Ng5 d5 5. exd5 Na5 6. Bb5+ c6 7. dxc6 bxc6 8. Be2 h6 9. Nf3 e4 10. Ng1 Bc5 11. d3 Qb6 12. Be3 Bxe3 13. fxe3 Qxb2 14. Nd2 exd3 15. cxd3 0-0 16. Ngf3 Nd5 17. e4 Ne3 18. Qc1 Qxa1 19. Qxa1 Nc2+ 20. Kd1 Nxa1 21. Nc4 Nxc4 22. dxc4 Rb8 23. Kc1 Re8 24. Bd3 Rd8 25. Ne5 Bd7 26. c5 Be8 27. Rd1 Nb3+ 28. axb3 Rxb3 29. Kc2 Rdb8 30. Nc4 R3b5 0-1

[Event "Znojmo Rotunda op"]
[Site "Znojmo"]
[Date "2002.??.??"]
[Round "3"]
[White "Tejkal, Jiri"]
[Black "Antos, Jakub"]
[Result "1/2-1/2"]
[WhiteElo "2053"]
[BlackElo "1675"]
[PlyCount "52"]
[EventDate "2002.??.??"]
[EventType "swiss"]
[EventRounds "9"]
[EventCountry "CZE"]
[SourceTitle "EXT 2003"]
[Source "ChessBase"]
[SourceDate "2002.11.25"]
[SourceVersion "1"]
[SourceVersionDate "2002.11.25"]
[SourceQuality "1"]

1. c4 Nf6 2. Nc3 e6 3. d4 d5 4. Bg5 Nbd7 5. e3 Be7 6. Nf3 0-0 7. Bd3 c6 8. 0-0 dxc4 9. Bxc4 Nd5 10. Bxe7 Qxe7 11. Rc1 Nxc3 12. Rxc3 e5 13. Qc2 e4 14. Nd2 Nf6 15. f3 exf3 16. Rxf3 Be6 17. Bd3 Rad8 18. Rc5 h6 19. Bf5 Rd5 20. Bxe6 Qxe6 21. Rxd5 cxd5 22. Qc7 Qc8 23. Qxc8 Rxc8 24. Nb3 b6 25. h3 Kf8 26. Rf1 Rc2 1/2-1/2